Composite Materials in Design Processes (Record no. 20463)

MARC details
000 -LEADER
fixed length control field 01377nam a2200133Ia 4500
008 - FIXED-LENGTH DATA ELEMENTS--GENERAL INFORMATION
fixed length control field 220616s9999||||xx |||||||||||||| ||und||
020 ## - INTERNATIONAL STANDARD BOOK NUMBER
International Standard Book Number 9783040000000
245 #0 - TITLE STATEMENT
Title Composite Materials in Design Processes
546 ## - LANGUAGE NOTE
Language note English[eng]
650 ## - SUBJECT ADDED ENTRY--TOPICAL TERM
Topical term or geographic name entry element laser etching||water jet||polycrystalline silicon||orthogonal test||physical conditions||electrodeposition||SiC whisker||texture||morphology||self-healing||epoxy resin||microcapsule||insulating composite||breakdown strength||physical damage||electrical tree||analytical model||fabrics||weave pattern||shear deformation||tension-shear coupling||RTM||composites||FEM simulation||permeability characterization||design optimization||solar vehicles||photovoltaic roof||lightweight structures||carbon fiber-reinforced plastic (CFRP)||natural frequencies||stiffness||heat exchange||Ansys ACP||constructal design||resin flow||porous media||numerical simulation||filling time||composite ship||composite structure||glass fiber content||void volume||burn-off test||calcination test||composite laminates||nanofibers||fracture||polyvinylidene fluoride||polysulfone||CFRP laminate||thin composite panel||viscoelastic material||vibration response||damping||experimental modal analysis||slamming||damage||viscoelastic layer||prepreg||OoA||n/a
700 ## - ADDED ENTRY--PERSONAL NAME
Personal name Minak, Giangiacomo
856 ## - ELECTRONIC LOCATION AND ACCESS
Uniform Resource Identifier <a href="https://mdpi.com/books/pdfview/book/3783">https://mdpi.com/books/pdfview/book/3783</a>
942 ## - ADDED ENTRY ELEMENTS (KOHA)
Koha item type E-Books
Holdings
Withdrawn status Lost status Damaged status Not for loan Home library Current library Date acquired Total Checkouts Date last seen Price effective from Koha item type
        Kerala University of Digital Sciences, Innovation and Technology Knowledge Centre Kerala University of Digital Sciences, Innovation and Technology Knowledge Centre 16/06/2022   16/06/2022 16/06/2022 E-Books